In The Nova: (Record no. 205300)

MARC details
000 -LEADER
fixed length control field 00627 a2200205 4500
005 - DATE AND TIME OF LATEST TRANSACTION
control field 20240827124528.0
008 - FIXED-LENGTH DATA ELEMENTS--GENERAL INFORMATION
fixed length control field 080819t xxu||||| |||| 00| 0 eng d
010 ## - LCCN (DPL NO)
LC control number ENG-141458
020 ## - INTERNATIONAL STANDARD BOOK NUMBER
International Standard Book Number 9789390961795
Terms of availability 399.00
035 ## - SYSTEM CONTROL NUMBER
System control number EN-124990
037 ## - SOURCE OF ACQUISITION
Source of stock number/acquisition DBAD
040 ## - CATALOGING SOURCE
Original cataloging agency dpl
Language of cataloging English
082 ## - DEWEY DECIMAL CLASSIFICATION NUMBER
Classification number N
Edition number 1
100 ## - MAIN ENTRY--PERSONAL NAME
9 (RLIN) 70564
Personal name Ranjan, Kajal
245 ## - TITLE STATEMENT
Title In The Nova:
Remainder of title Superheroes and Saviours/
Statement of responsibility, etc By Kajal Ranjan
260 ## - PUBLICATION, DISTRIBUTION, ETC. (IMPRINT)
Place of publication, distribution, etc New Delhi
Name of publisher, distributor, etc Vitasta Publishing
Date of publication, distribution, etc 2023
270 ## - ADDRESS
Address 2/15, Ist Floor, Ansari Road, Darya Ganj
City New Delhi
State or province Delhi
Postal code 110002
300 ## - PHYSICAL DESCRIPTION
Extent xii,245p.:
Dimensions 22cm(pb)
942 ## - ADDED ENTRY ELEMENTS (KOHA)
Institution code [OBSOLETE] dpl
Item type English Books
Source of classification or shelving scheme Dewey Decimal Classification
Classification part N
Call number suffix RAJ
Edition 1
Holdings
Withdrawn status Lost status Source of classification or shelving scheme Damaged status Not for loan Collection code Home library Current library Date acquired Source of acquisition Cost, normal purchase price Total Checkouts Full call number Barcode Date last seen Copy number Cost, replacement price Koha item type
    Dewey Decimal Classification     Fiction Central Library Central Library 27/08/2024 Delivery of Books Act Division 399.00   N RAJ EN-124990 27/08/2024 1 399.00 English Books

© Delhi Public Library
Hit Counter
free hit counter